Pakistan's search for peace with Afghanistan statecraft, policy and strategy/ (Record no. 615420)

000 -LEADER
fixed length control field 00470nam a22001577a 4500
020 ## - INTERNATIONAL STANDARD BOOK NUMBER
International Standard Book Number 9789698535742
082 ## - DEWEY DECIMAL CLASSIFICATION NUMBER
Classification number 954.91009581
Author Mark LAT
100 ## - MAIN ENTRY--PERSONAL NAME
Personal name Latif, Zahid
245 ## - TITLE STATEMENT
Title Pakistan's search for peace with Afghanistan statecraft, policy and strategy/
Statement of responsibility, etc. Zahid Latif
260 ## - PUBLICATION, DISTRIBUTION, ETC.
Place of publication, distribution, etc. Islamabad:
Name of publisher, distributor, etc. NUST Press;
Date of publication, distribution, etc. 2025.
300 ## - PHYSICAL DESCRIPTION
Extent 215p.
563 ## - BINDING INFORMATION
Binding note HB
650 ## - SUBJECT ADDED ENTRY--TOPICAL TERM
Topical term or geographic name entry element Policy and strategy
650 ## - SUBJECT ADDED ENTRY--TOPICAL TERM
Topical term or geographic name entry element Pakistan and Afghanistan
942 ## - ADDED ENTRY ELEMENTS (KOHA)
Source of classification or shelving scheme
Koha item type Book
650 ## - SUBJECT ADDED ENTRY--TOPICAL TERM
-- 132152
650 ## - SUBJECT ADDED ENTRY--TOPICAL TERM
-- 132153
Holdings
Withdrawn status Lost status Source of classification or shelving scheme Materials specified (bound volume or other part) Damaged status Not for loan Permanent Location Current Location Shelving location Date acquired Source of acquisition Total Checkouts Full call number Barcode Date last seen Price effective from Koha item type Checked out Date last checked out Total Renewals
      Donated by the Rector NUST     Central Library (CL) Central Library (CL) History 11/28/2025 Donation   954.91009581 LAT CL-D-3152 11/28/2025 11/28/2025 Book      
      Donated by the Rector NUST     Central Library (CL) Central Library (CL) History 11/28/2025 Donation 1 954.91009581 LAT CL-D-3153 12/06/2025 11/28/2025 Book 01/05/2026 12/06/2025  
      Donated by the Rector NUST     Central Library (CL) Central Library (CL) History 11/28/2025 Donation   954.91009581 LAT CL-D-3154 11/28/2025 11/28/2025 Book      
      Donated by the Rector NUST     Central Library (CL) Central Library (CL) History 11/28/2025 Donation   954.91009581 LAT CL-D-3155 11/28/2025 11/28/2025 Book      
      Donated by the Rector NUST     Central Library (CL) Central Library (CL) History 11/28/2025 Donation   954.91009581 LAT CL-D-3156 11/28/2025 11/28/2025 Book      
      Donated by the Rector NUST     Central Library (CL) Central Library (CL) History 11/28/2025 Donation   954.91009581 LAT CL-D-3157 11/28/2025 11/28/2025 Book 05/11/2026   2
      Donated by the Rector NUST     Central Library (CL) Central Library (CL) History 11/28/2025 Donation   954.91009581 LAT CL-D-3158 11/28/2025 11/28/2025 Book      
      Donated by the Rector NUST     Central Library (CL) Central Library (CL) History 11/28/2025 Donation   954.91009581 LAT CL-D-3159 01/26/2026 11/28/2025 Book      
      Donated by the Rector NUST     Central Library (CL) Central Library (CL) History 11/28/2025 Donation   954.91009581 LAT CL-D-3160 11/28/2025 11/28/2025 Book      
      Donated by the Rector NUST     Central Library (CL) Central Library (CL) History 11/28/2025 Donation 1 954.91009581 LAT CL-D-3161 02/11/2026 11/28/2025 Book   12/12/2025  
© 2023 Central Library, National University of Sciences and Technology. All Rights Reserved.